Central Library OPAC University of Rajshahi

ছয়টি রূপকথা / (Record no. 62733)

MARC details
000 -LEADER
fixed length control field 01388nam a2200277 a 4500
001 - CONTROL NUMBER
control field 62733
003 - CONTROL NUMBER IDENTIFIER
rucl marc code BD-RjUL
005 - DATE AND TIME OF LATEST TRANSACTION
control field 20211209081122.0
008 - FIXED-LENGTH DATA ELEMENTS--GENERAL INFORMATION
fixed length control field 170125s1976 bg a|||| |||| 00| 0 ben d
020 ## - INTERNATIONAL STANDARD BOOK NUMBER
Terms of availability : Tk. 9.00
035 ## - SYSTEM CONTROL NUMBER
System control number (BD-RjUL)62860
040 ## - CATALOGING SOURCE
Original cataloging agency BD-RjUL
Language of cataloging ben
Transcribing agency BD-RjUL
041 ## - LANGUAGE CODE
Language code of text/sound track or separate title ben
082 ## - DEWEY DECIMAL CLASSIFICATION NUMBER
Edition number 23
Classification number 839.81
Author mark and year ANC 1976
100 ## - MAIN ENTRY--PERSONAL NAME
Personal name এ্যাণ্ডারসন, হ্যান্স ক্রিশ্চিয়ান
9 (RLIN) 186473
245 10 - TITLE STATEMENT
Title ছয়টি রূপকথা /
Statement of responsibility, etc. হ্যান্স ক্রিশ্চিয়ান এ্যাণ্ডারসন ; অনুবাদ : শামসুল হক, মোসলেমা খাতুন, আসাদ চৌধুরী ; সম্পাদনা : আসাদ চৌধুরী
260 ## - PUBLICATION, DISTRIBUTION, ETC. (IMPRINT)
Place of publication, distribution, etc. ঢাকা :
Name of publisher, distributor, etc. মুক্তধারা,
Date of publication, distribution, etc. ১৯৭৬
300 ## - PHYSICAL DESCRIPTION
Pagination ১২৪ পৃ. :
Illustrations চিত্র ;
Size ২৩ সেমি.
650 ## - SUBJECT ADDED ENTRY--TOPICAL TERM
Topical term or geographic name as entry element ড্যানিশ রূপকথা
9 (RLIN) 170520
Topical term or geographic name as entry element Danish Fairy tales
9 (RLIN) 186474
700 ## - ADDED ENTRY--PERSONAL NAME
Personal name হক, শামসুল, অনুবাদক
Personal name খাতুন, মোসলেমা, অনুবাদক
Personal name চৌধুরী, আসাদ, অনুবাদক
Personal name চৌধুরী, আসাদ, সম্পাদক
942 ## - ADDED ENTRY ELEMENTS (KOHA)
Source of classification or shelving scheme Dewey Decimal Classification
Koha item type Books
Holdings
Lost status Source of classification or shelving scheme Damaged status Not for loan Collection code Permanent Location Current Location Shelving location Date acquired Source of acquisition Cost, normal purchase price Total Checkouts Full call number Date last seen Copy number Koha item type
  Dewey Decimal Classification   Not For Loan Non-fiction Central Library, University of Rajshahi Central Library, University of Rajshahi Rare Book Section 07/04/1977 Eureka book Agency, Rajshahi 9.00   B 839.81 ANC 1976 25/01/2017 C-1 Books